000 00576nam a2200217Ia 4500
005 20240208092423.0
008 131103s9999 xx 000 0 und d
020 _a8182051525
_cRs.675.00
040 _aLoreto College
041 _aEnglish
082 _a370.954
_bPAN
245 _aSociology and education in the Indian context
_cEditor: V.C.Pandey
260 _aDelhi
_bIsha Books
_c2005
300 _av,263p
504 _aIncludes index
650 _aSociology-India
651 _aEducation-India
700 _aPandey,V.C., ed.
850 _aLCLIB
942 _cBK
999 _c36299
_d86778